Análisis de sobretensiones transitorias por maniobra de equipos en el Sistema Eléctrico Nacional
Sábháilte in:
| Príomhchruthaitheoir: | |
|---|---|
| Formáid: | LEABHAR |
| Foilsithe / Cruthaithe: |
[San José, Costa Rica]
2004
|
| Ábhair: | |
| Clibeanna: |
Cuir clib leis
Níl clibeanna ann, Bí ar an gcéad duine le clib a chur leis an taifead seo!
|
MARC
| LEADER | 00000nam a2200000Ia 4500 | ||
|---|---|---|---|
| 003 | 009317 | ||
| 005 | 20221231144139.0 | ||
| 008 | 140114s2004 cr a m 000 ||s d | ||
| 040 | |c cru CEDI | ||
| 090 | |a TFG 4856 | ||
| 100 | |a Montero Quiros, Juan Carlos |9 6540 | ||
| 245 | |a Análisis de sobretensiones transitorias por maniobra de equipos en el Sistema Eléctrico Nacional | ||
| 260 | |c 2004 |a [San José, Costa Rica] | ||
| 300 | |a xiv, 172 hojas : ilustraciones | ||
| 500 | |a Práctica dirigida (licenciatura en ingeniería eléctrica)--Universidad de Costa Rica. Facultad de Ingeniería. Escuala de Ingeniería Eléctrica, | ||
| 650 | |x DISTRIBUCION DE LA FUERZA ELECTRICA |x DESCARGAS ELECTRICAS |x ELECTRICIDAD |x MEDICIONES |9 6541 | ||
| 942 | |c TFG | ||
| 999 | |c 17577 |d 17577 | ||
